Регионална библиотека "Любен Каравелов" - Русе

Чучулигата (Запис номер 134649)

MARC детайли
000 -Лидер
Контролно поле с фиксирана дължина nam a22 a 4500
003 - Код на организацията, давaща контролен номер
Контролно поле BLK
005 - Дата и час на последна редакция
Контролно поле 20220705092222.0
008 - Елементи от данни с фиксирана дължина
fixed length control field 180409b bul|||||r ||||||| ||bul||
010 ## - Наследен системен номер
LC control number KNG00140564000
040 ## - Източник на каталожния запис
Идентификатор на билиотеката - собственик на записа BLK
041 ## - Код за език
Код за езика на текст/звукозапис или на отделно заглавие Български
Код за езика КДБФ Български
080 ## - УДК
Текстов определител УДК Турска литература
УДК код - определител по УДК 821.512.161
УДК определител -31
УДК - код + определител 821.512.161-31
100 1# - Редна дума - Автор
Автор Нури, Решат
Авторска отговорност първи автор
Автор - информация (биография) Гюнтекин, Решат Нури
R(LIN) 304412
139 ## - Редно поле
Редна дума Гюнтекин, Решат Нури
Авторски знак Гю - Г 98
245 10 - Сведения за заглавието
Заглавие Чучулигата
Подзаглавни данни Роман
Редно поле (дума) Решат Нури; прев. от тур. Сюлейман Хафъзов; предг. от Парашкев Парушев.
250 ## - Област на изданието
Сведения за изданието 2. изд.
257 ## - Страна на издаване
Страна на създаване/издаване Турция
260 ## - Област на издателските данни
Място на издаване, разпространение и проч. София
Име на издателя, разпространителя и проч. Нар. култура
Година на издаване 1970
300 ## - Физическа характеристика
Страници 408 с.
Размери/Мащаб 20 см
380 ## - Жанр
Жанр Худож. лит.
500 ## - Общи забележки
Забележка Ориг. загл. Calikusu. - 1. изд. 1968.
700 1# - Други автори (авторска отговорност)
Лично име Хафъзов, Сюлейман
Автороска отговорност (Описва отношението между автора и произведението) прев. от тур.
9 (RLIN) 136554
700 1# - Други автори (авторска отговорност)
Лично име Парушев, Парашкев
Автороска отговорност (Описва отношението между автора и произведението) предг. от
9 (RLIN) 378671
852 ## - Местоположение
Форматна сигнатура Цб 55264
Фондова буква Хранилище
856 4# - Електронен адрес и достъп
Електронен формат pdf - файл
856 4# - Електронен адрес и достъп
Електронен формат pdf - файл
999 ## - СИСТЕМНИ КОНТРОЛНИ НОМЕРА
Koha biblionumber 134649
Koha biblioitemnumber 134649
942 ## - АРТИКУЛИ
Вид на библиотечния материал Книги
Скрит в OPAC Не
Периодичен библиозапис Да
944 ## - СЪЗДАВАНЕ И РЕДАКЦИЯ на ЗАПИСА
Създаване/Редакция Създаване
Дата на регистрацията/редакция 12.03.2013
Служител, извършил регистрацията/редакцията Геновева_Генчева
944 ## - СЪЗДАВАНЕ И РЕДАКЦИЯ на ЗАПИСА
Създаване/Редакция Редакция
Дата на регистрацията/редакция 2022-07-05
Служител, извършил регистрацията/редакцията ир
999 ## - СИСТЕМНИ КОНТРОЛНИ НОМЕРА
Koha biblioitemnumber 134649
Наличности
Код за отписване Код за изгубен артикул Източник на класификационната схема Код за повреда Коз за рестрикции Код за отдаване Артикулен № Име на библиотеката - собственик Име на библиотеката, в която се намира в момента Статус (Текущо местоположение) Дата на вписване в системата Местоположение - отдел Цена в лева Инвентарен номер Систематично азбучна сигнатура Баркод Номер на екземпляра Цена в евро Служебна бележка Служебен тип на артикула Бележка за публиката
  Не е изгубен Universal Decimal Classification Не е повреден само за читалня ползва се в читалня 220133 Регионална библиотека "Любен Каравелов" Русе Регионална библиотека "Любен Каравелов" Русе Хранилище 1970-01-01 Хранилище 1.81 82327 Цб 55264 120000082327 1 0.93 Дост: Dp Вид: Д N: стар фонд Дата: 01.01.1970 Книги  
Изтеглен Не е изгубен   Не е повреден без рестрикции заемане за дома 220134 Регионална библиотека "Любен Каравелов" Русе Регионална библиотека "Любен Каравелов" Русе   1970-01-01 Заемна - подръчен фонд 1.81 82520 П 894.35-31/Г 98 82520 2 0.93 Дост: Pk Вид: Ф N: стар фонд Дата: 01.01.1970 Книги Отч.N: 22/2018 , Дата: 26.03.2018
Изтеглен Не е изгубен   Не е повреден без рестрикции заемане за дома 220135 Регионална библиотека "Любен Каравелов" Русе Регионална библиотека "Любен Каравелов" Русе   1970-01-01 Заемна - подръчен фонд 1.81 82524 П 894.35-31/Г 98 82524 3 0.93 Дост: Pk Вид: Ф N: стар фонд Дата: 01.01.1970 Книги Отч.N: 22/2018 , Дата: 26.03.2018
Изтеглен Не е изгубен Universal Decimal Classification Не е повреден без рестрикции заемане за дома 220136 Регионална библиотека "Любен Каравелов" Русе Регионална библиотека "Любен Каравелов" Русе Заемна - подръчен фонд 1970-01-01 Заемна - подръчен фонд 4.00 666181 П 894.35-31/Г 98 666181 4 2.05 Дост: Pk Вид: Ф N: стар фонд Дата: 01.01.1970 Книги  
Vip Innovations Ltd, Rousse, Bulgaria 2025